=LDR 00000nam 2200000 4500 =001 INLIS000000000038250 =005 20130612143925 =008 ***********************************Ind** =035 ##$$0010-061300000038250 =041 ##$$a Ind =082 ##$$a 658.810 01 =090 ##$$a 658.810 01, Del d =245 ##$$a 80 rahasia melijitkan omzet, Dari 50 pakar penjualan dunia, Editor, Michael Dalton Johnson; Penerjemah, Ratu Fortunata Rahmi Puspahadi =260 ##$$a 2010 $b Jakarta =300 ##$$a cii,335 hlm, 23 cm =650 ##$$a Manajemen penjualan - Teori =700 ##$$a Johnson, Michael Dalton =850 ##$$a NBPNMAT =990 ##$$a 0001/BPAP-NTB/2015 =990 ##$$a 01250125 =990 ##$$a 01201900125 =990 ##$$a 0001/BPAP-NTB/2015 =990 ##$$a 21111329 =990 ##$$a 01201900125